LEADER 00950nam a2200241 i 4500 001 000000177049 003 CaOOAMICUS 005 20090113000000.0 008 090113s1960 it u000 u fre u 013 $a154552 040 $aSeMil$bita 245 10$aLivres 1. et 2. /$ctexte établi et traduit par Jean Aubonnet. 300 $aCCVI, 175 p. ;$c21 cm. 490 0 $aCollection des Universités de France 700 1 $aAubonnet, Jean.$0(OLS)http://semarc/name/65885 700 0 $aAristoteles,$d<384-322 a.C.>.$0(OLS)http://semarc/name/1263 773 0 $aAristoteles <384-322 a.C.>$tPolitique.$dParis : Les Belles Lettres, 1960.$w()20573 830 0$aCollection des Universités de France.$0(OLS)http://semarc/title/6036 850 $aSeMil 852 $aSeMil$W1$xVenegono$y1$m1Z I 175$j127863$B127863$CSeMilBibl$Z2$F138334 $81 900 0 $aAristotele. 996 $6245$aLivres 1. et 2.$9(OLS)http://semarc/title/13293 LEADER 01125nam a2200253 i 4500 001 000000195882 003 CaOOAMICUS 005 20110104000000.0 008 110104s1955 it u000 u fre u 013 $a174562 040 $aSeMil$bita 100 1 $aSauvageot, Paul.$0(OLS)http://semarc/name/71051 245 10$aCatéchèse biblique et liturgique /$cpar Paul Sauvageot. 260 $aBruges :$bAbbaye de Saint-André,$ccopyr. 1955. 260 $aBruges :$bApostolat liturgique,$ccopyr. 1955. 300 $a134 p. ;$c24 cm. 490 0 $aParoisse et liturgie : collection de pastorale liturgique ;$v118 650 4$aAnno liturgico - Catechesi.$0(OLS)http://semarc/subject/22807 830 0$aParoisse et liturgie ;$v118.$0(OLS)http://semarc/title/4385 850 $aSeMil 852 $aSeMil$W1$xVenegono$y1$m3K IV 209$j146449$B146449$CSeMilBibl$Z2$F157914 $81 996 $6245$aCatéchèse biblique et liturgique$9(OLS)http://semarc/title/282759 996 $6260$aBruges :$bApostolat liturgique$9(OLS)http://semarc/publisher/50487 996 $6260$aBruges :$bAbbaye de Saint-André$9(OLS)http://semarc/publisher/30186